00290pab a2200109 454500008004000000100001500040245003900055260000900094300001100103650002500114773004100139180718b1984 xxu||||| |||| 00| 0 eng d aRus, Velko aThe future of industrial democracy c1984 a233-54 aIndustrial Democracy aInternational Social Science Journal